Nyustyai vásár

Obchodná a priemyselná komora v Miskolci (HU) oznámila začiatkom septembra 1913 rozhodnutie ministra obchodu o povolení preložiť krajinský dobytčí (állatvásár) jarmok v Hnúšti z pôvodného termínu 20. 09. 1913 na 23. 09. 1913.

Podrobná bibliografia
Médium: Článok
Jazyk:Hungarian
Témy:
Zdroj: 1. Murányvölgye : Szépirodalmi, társadalmi és közgazdasági hetilap 1. Roč. 3, č. 36 (07.09.1913) s. 3
LEADER 01107nab#a2200289#ar4500
001 000069925
003 SVKKK
005 20000620xxxxxxx.
008 06 c xo huno
FMT
038 |a SVKKK 
040 |a SVKKK  |b slo  |e AACR2 
041 0 |a hun 
044 |a xo  |c SK 
080 |a 394.6 
242 1 0 |a Jarmok v Hnúšti 
245 0 0 |a Nyustyai vásár 
520 2 |a Obchodná a priemyselná komora v Miskolci (HU) oznámila začiatkom septembra 1913 rozhodnutie ministra obchodu o povolení preložiť krajinský dobytčí (állatvásár) jarmok v Hnúšti z pôvodného termínu 20. 09. 1913 na 23. 09. 1913. 
650 0 4 |a jarmok krajinský - Hnúšťa-Likier (SS) - 20.09.1913 (termín pôvodný) - 23.09.1913 (termín novostanovený) - Obchodná a priemyselná komora, Miskolc (HU) - oznámenie oficiálne - správy 
773 0 |t Murányvölgye : Szépirodalmi, társadalmi és közgazdasági hetilap  |g Roč. 3, č. 36 (07.09.1913) s. 3 
957 |a Hnúšťa-Likier (SS) 
958 |a DG 
958 |a SK 
974 |a ebl  |d 20000620 
992 |a RBX 
BAS
998 |a RETRO